00542cam a2200181ua 450000500170000000800390001702000180005604000090007404100080008308200130009110000290010424500650013326000660019830000100026465000370027465300210031170000280033220240528084918.0170228n ii |||gr||||Z||||||mul a9789351052982 cMAIN dasm a050bGOA aNath, Har Kumar,eEditor aGoalparia subas : bsouvenir / cEdited by Har Kumar Nath .  aGoalpara:bReceiption committee, 63rd ACTA conference,c2016. a387p. aSouvenir of 63rd ACTA conference aSouvenir of ACTA aNath, Har KumareEditor